00544nam a22001697a 450000500170000001000150001702000260003203500140005803700130007208200140008524501460009926000350024527000430028030000200032350000190034370000120036220170629145432.0 aENG-119054 c750.00a9788186307984 aEN-102586 bDBAD/PUB a230.95451 aReligious tradition and social practices in Assam :cedited by D. Nathbessays on popular religion, buddhist tradition and writing culture /  aGuwahatibDvs Publishersc2016 aH. B. Road, PanbazarbGuwahatie781001 a271p.c21cm(Hb) aIncludes index aD. Nath